Normal view
MARC view
- Kliman, G. B
Entry Personal Name
001 - CONTROL NUMBER
- control field: 55839
003 - CONTROL NUMBER IDENTIFIER
- control field: NUST
005 - DATE AND TIME OF LATEST TRANSACTION
- control field: 20210628201546.0
008 - FIXED-LENGTH DATA ELEMENTS
- fixed length control field: 210628|| aca||aabn | a|a d
040 ## - CATALOGING SOURCE
- Original cataloging agency: NUST
- Transcribing agency: NUST
100 ## - HEADING--PERSONAL NAME
- Personal name: Kliman, G. B
670 ## - SOURCE DATA FOUND
- Source citation: Work cat.: (NUST): Toliyat, Hamid A. 55836, Handbook of electric motors /, c2004.
